[Event "Katowice POL-HUN blitz 8th"]
[Site "Katowice"]
[Date "2020.09.12"]
[Round "3.7"]
[White "Golubka, Petr"]
[Black "Masternak, Aleksander"]
[Result "1-0"]
[WhiteElo "2488"]
[BlackElo "2193"]
[PlyCount "71"]
[EventDate "2020.09.12"]
[EventType "swiss (blitz)"]
[EventRounds "13"]
[EventCountry "POL"]
[SourceTitle "CBM 198 Extra"]
[Source "ChessBase"]
[SourceDate "2020.11.30"]
[SourceVersion "1"]
[SourceVersionDate "2020.11.30"]
[SourceQuality "1"]

1. d4 Nf6 2. Bg5 e6 3. Nd2 c5 4. e3 cxd4 5. exd4 Be7 6. Ngf3 b6 7. Bd3 Bb7 8. c3 0-0 9. Qe2 Nd5 10. h4 f5 11. g3 Nc6 12. a3 Rc8 13. Kf1 Nf6 14. h5 Ng4 15. Bf4 Bf6 16. Bd6 Re8 17. Bc4 Kh8 18. h6 g6 19. Ba6 Bxa6 20. Qxa6 e5 21. dxe5 Ncxe5 22. Bxe5 Nxe5 23. Nxe5 Rxe5 24. Nf3 Re4 25. Kg2 Rc7 26. Rhe1 d5 27. Rad1 Rd7 28. Qd3 Kg8 29. Nd2 Re8 30. Rxe8+ Qxe8 31. Nf3 Qe4 32. Qb5 Rd8 33. Qc6 Qe7 34. Rxd5 Rxd5 35. Qxd5+ Kf8 36. a4 1-0

[Event "Katowice POL-HUN 6th"]
[Site "Katowice"]
[Date "2018.05.06"]
[Round "8"]
[White "Masternak, Aleksander"]
[Black "Zylka, Stanislaw"]
[Result "0-1"]
[WhiteElo "2193"]
[BlackElo "2380"]
[PlyCount "72"]
[EventDate "2018.05.05"]
[EventType "swiss (rapid)"]
[EventRounds "9"]
[EventCountry "POL"]
[SourceTitle "CBM 184 Extra"]
[Source "ChessBase"]
[SourceDate "2018.06.28"]
[SourceVersion "1"]
[SourceVersionDate "2018.06.28"]
[SourceQuality "1"]

1. d4 Nf6 2. Nf3 d5 3. c4 e6 4. Nc3 Bb4 5. Qa4+ Nc6 6. Bg5 h6 7. Bh4 g5 8. Bg3 Ne4 9. Rc1 h5 10. cxd5 exd5 11. Ne5 Bxc3+ 12. bxc3 Qf6 13. Nxc6 bxc6 14. f3 Nxg3 15. hxg3 Qd6 16. g4 h4 17. e3 0-0 18. Bd3 Re8 19. Kd2 Qg3 20. Rhe1 Qxg2+ 21. Re2 Qxf3 22. Qxc6 Be6 23. Qxc7 Rac8 24. Qe5 f6 25. Qh2 Bxg4 26. Rg1 Re6 27. Qf2 Rce8 28. Qxf3 Bxf3 29. Ree1 Be4 30. Bxe4 Rxe4 31. Kd3 Kg7 32. Rg2 g4 33. c4 dxc4+ 34. Kxc4 f5 35. Kd3 Kg6 36. Rb2 h3 0-1

[Event "POL-ch rapid"]
[Site "Zgierz"]
[Date "2018.03.04"]
[Round "2"]
[White "Masternak, Aleksander"]
[Black "Brodowski, Piotr"]
[Result "0-1"]
[WhiteElo "2193"]
[BlackElo "2434"]
[PlyCount "43"]
[EventDate "2018.03.04"]
[EventType "swiss (rapid)"]
[EventRounds "9"]
[EventCountry "POL"]
[SourceTitle "CBM 183 Extra"]
[Source "ChessBase"]
[SourceDate "2018.04.19"]
[SourceVersion "1"]
[SourceVersionDate "2018.04.19"]
[SourceQuality "1"]

1. Nf3 g6 2. d4 c5 3. c3 Bg7 4. g3 Nf6 5. Bg2 0-0 6. 0-0 Qc7 7. Bf4 d6 8. Qc1 Re8 9. h3 b6 10. Re1 Bb7 11. Nbd2 Ne4 12. Nxe4 Bxe4 13. Bh6 Bh8 14. Qf4 Bb7 15. dxc5 bxc5 16. Ng5 Bf6 17. Ne4 Be5 18. Qh4 Nd7 19. Rab1 Rab8 20. Be3 Nf8 21. f4 Bg7 22. f5 0-1

[Event "EU-ch blitz"]
[Site "Katowice"]
[Date "2017.12.15"]
[Round "6"]
[White "Stocek, Jiri"]
[Black "Masternak, Aleksander"]
[Result "1-0"]
[WhiteElo "2566"]
[BlackElo "2193"]
[PlyCount "81"]
[EventDate "2017.12.15"]
[EventType "swiss (blitz)"]
[EventRounds "22"]
[EventCountry "POL"]
[SourceTitle "CBM 182 Extra"]
[Source "ChessBase"]
[SourceDate "2018.02.23"]
[SourceVersion "1"]
[SourceVersionDate "2018.02.23"]
[SourceQuality "1"]

1. d4 Nf6 2. Bf4 c5 3. d5 d6 4. Nc3 Qa5 5. Qd2 b5 6. f3 g6 7. e4 a6 8. a4 Bg7 9. Bh6 0-0 10. Bxg7 Kxg7 11. Nge2 e6 12. Nf4 b4 13. Nd1 exd5 14. exd5 Nbd7 15. Ne3 Ne5 16. h4 Re8 17. Be2 Ra7 18. 0-0 Rae7 19. Nc4 Nxc4 20. Bxc4 Qd8 21. Rae1 a5 22. Qf2 Rxe1 23. Rxe1 Rxe1+ 24. Qxe1 Bd7 25. Bb5 Qe8 26. Qxe8 Bxe8 27. Bxe8 Nxe8 28. Kf2 Nc7 29. Ke3 Kf6 30. Ke4 Ke7 31. g4 Ne8 32. Kd3 Nc7 33. Kc4 Kf6 34. Nd3 h5 35. gxh5 gxh5 36. Nf4 Kf5 37. Nxh5 Kg6 38. Ng3 Kf6 39. Ne4+ Ke5 40. h5 f5 41. h6 1-0

[Event "Katowice POL-HUN 5th"]
[Site "Katowice"]
[Date "2017.05.21"]
[Round "6"]
[White "Masternak, Aleksander"]
[Black "Czernek, Tymon"]
[Result "1-0"]
[WhiteElo "2188"]
[BlackElo "2012"]
[PlyCount "107"]
[EventDate "2017.05.20"]
[EventType "swiss (rapid)"]
[EventRounds "9"]
[EventCountry "POL"]
[SourceTitle "CBM 178 Extra"]
[Source "ChessBase"]
[SourceDate "2017.06.22"]
[SourceVersion "1"]
[SourceVersionDate "2017.06.22"]
[SourceQuality "1"]

1. Nf3 d5 2. d4 Nc6 3. c4 Bg4 4. Nc3 Bxf3 5. gxf3 Nf6 6. Bg5 e6 7. cxd5 exd5 8. e3 Bb4 9. Rc1 Qd7 10. Bxf6 gxf6 11. Bb5 0-0-0 12. Qa4 Qd6 13. Bxc6 bxc6 14. a3 Bxc3+ 15. Rxc3 Kd7 16. Ke2 Rb8 17. b4 Rhg8 18. Rhc1 Rb6 19. Qc2 Rg6 20. b5 Ke8 21. Rxc6 Qxa3 22. Rxc7 Kf8 23. Qc5+ Qxc5 24. R1xc5 a6 25. bxa6 Rxa6 26. f4 Ra2+ 27. Kf3 Rh6 28. Rxd5 Rxh2 29. Rdd7 Raxf2+ 30. Ke4 Re2 31. Rxf7+ Ke8 32. Rxh7 f5+ 33. Kxf5 Rxh7 34. Rxh7 Rxe3 35. Kf6 Re4 36. Rh8+ Kd7 37. f5 Rxd4 38. Kf7 Rf4 39. f6 Rf1 40. Rh4 Rg1 41. Rd4+ Kc6 42. Kf8 Kc7 43. f7 Kc6 44. Ke7 Re1+ 45. Kf6 Rf1+ 46. Kg6 Kc5 47. Rd8 Rg1+ 48. Kh5 Rh1+ 49. Kg4 Rg1+ 50. Kh3 Rf1 51. f8Q+ Rxf8 52. Rxf8 Kd6 53. Kg4 Ke7 54. Rf5 1-0

[Event "POL-chT 2nd League"]
[Site "Ustron"]
[Date "2008.09.12"]
[Round "7.83"]
[White "Kurkowski, Zbigniew"]
[Black "Masternak, Aleksander"]
[Result "0-1"]
[WhiteElo "2113"]
[BlackElo "2206"]
[PlyCount "72"]
[EventDate "2008.09.06"]
[EventType "team-swiss"]
[EventRounds "9"]
[EventCountry "POL"]
[SourceTitle "EXT 2015"]
[Source "ChessBase"]
[SourceDate "2014.11.20"]
[SourceVersion "1"]
[SourceVersionDate "2014.11.20"]
[SourceQuality "1"]
[WhiteTeam "Gostynin Gostmat 83"]
[BlackTeam "Katowice Hetman Szopienice II"]
[WhiteTeamCountry "POL"]
[BlackTeamCountry "POL"]

1. e4 e5 2. Nf3 Nc6 3. Bb5 Nge7 4. 0-0 a6 5. Ba4 g6 6. c3 Bg7 7. d4 b5 8. Bc2 exd4 9. cxd4 0-0 10. Nc3 d6 11. d5 Na5 12. Bd3 c5 13. dxc6 Nexc6 14. h3 Be6 15. Be2 Rc8 16. Nd5 h6 17. a4 Bxd5 18. Qxd5 Nb4 19. Qd1 Nc4 20. Qb3 Qa5 21. Bxc4 bxc4 22. Qd1 Nd3 23. Qc2 d5 24. exd5 Qxd5 25. Rb1 Nb4 26. Qd1 Qf5 27. Be3 Rfd8 28. Qe2 Qa5 29. Rfd1 Rd3 30. Ne1 Rb3 31. Rdc1 Qf5 32. Qd2 Kh7 33. Bd4 Rd8 34. Nf3 Nc6 35. Rd1 Nxd4 36. Nxd4 Rxd4 0-1

[Event "POL-chT 2nd League"]
[Site "Wysowa"]
[Date "2007.09.08"]
[Round "5"]
[White "Masternak, Aleksander"]
[Black "Plichta, Kamil"]
[Result "1-0"]
[WhiteElo "2241"]
[BlackElo "1963"]
[PlyCount "81"]
[EventDate "2007.09.03"]
[EventType "team-swiss"]
[EventRounds "9"]
[EventCountry "POL"]
[SourceTitle "EXT 2010"]
[Source "ChessBase"]
[SourceDate "2010.11.25"]
[SourceVersion "1"]
[SourceVersionDate "2010.11.25"]
[SourceQuality "1"]
[WhiteTeam "Katowice Wasko II"]
[BlackTeam "Wegrow SRSDiM"]
[WhiteTeamCountry "POL"]
[BlackTeamCountry "POL"]

1. Nf3 Nf6 2. c4 g6 3. Nc3 Bg7 4. d4 d6 5. Bg5 0-0 6. e3 h6 7. Bh4 Nbd7 8. Be2 c6 9. Qc2 a6 10. 0-0 b5 11. b4 Rb8 12. c5 d5 13. Bg3 Rb7 14. a4 Nh5 15. Be5 f6 16. Qxg6 fxe5 17. Qxh5 e4 18. Nd2 e5 19. Nb3 exd4 20. exd4 Nf6 21. Qh4 Re7 22. Qg3 Nh7 23. axb5 axb5 24. Ra8 Qd7 25. h3 Nf6 26. Rfa1 Kh8 27. Nd1 Rg8 28. Ne3 h5 29. Qg6 Qe6 30. Qg5 Kh7 31. R1a7 Rxa7 32. Rxa7 Bd7 33. Bxh5 Bh6 34. Qh4 Nxh5 35. Qxh5 Rg5 36. Qh4 Kg6 37. Ng4 Bg7 38. Qg3 Kf5 39. Qd6 Bc8 40. Re7 Qg8 41. Ne3# 1-0

[Event "POL-chT3 Liga Slaska"]
[Site "Poland"]
[Date "2007.05.12"]
[Round "7"]
[White "Cyfka, Karina"]
[Black "Masternak, Aleksander"]
[Result "1/2-1/2"]
[WhiteElo "2331"]
[BlackElo "2253"]
[PlyCount "108"]
[EventDate "2007.01.28"]
[EventType "team-swiss"]
[EventRounds "9"]
[EventCountry "POL"]
[SourceTitle "EXT 2011"]
[Source "ChessBase"]
[SourceDate "2010.11.26"]
[SourceVersion "1"]
[SourceVersionDate "2010.11.26"]
[SourceQuality "1"]
[WhiteTeam "Rybnik MKSz II"]
[BlackTeam "Dabrowa Gornicza Zaglebie"]
[WhiteTeamCountry "POL"]
[BlackTeamCountry "POL"]

1. f4 Nf6 2. Nf3 g6 3. b3 Bg7 4. Bb2 0-0 5. g3 d6 6. Bg2 e5 7. fxe5 Ng4 8. 0-0 Nc6 9. e4 Ngxe5 10. Nxe5 Bxe5 11. d4 Bg7 12. Qd3 Nb4 13. Qd2 c5 14. Na3 Nc6 15. c3 cxd4 16. cxd4 f5 17. exf5 Bxf5 18. Bd5+ Kh8 19. Nc4 Qd7 20. Bg2 Bh3 21. d5 Bxg2 22. Bxg7+ Kxg7 23. Qc3+ Kg8 24. Kxg2 Ne7 25. Qd3 Qb5 26. Rxf8+ Rxf8 27. Rd1 Qc5 28. Qd4 Qxd4 29. Rxd4 Rf6 30. a4 Kf7 31. Nd2 Rf5 32. Ne4 Rxd5 33. Rxd5 Nxd5 34. Nxd6+ Ke6 35. Nxb7 Ne3+ 36. Kf3 Nf1 37. b4 Nxh2+ 38. Kf4 h6 39. a5 Kd7 40. b5 Kc7 41. Nc5 g5+ 42. Ke5 Nf1 43. Ne4 h5 44. Nxg5 Nxg3 45. Ne6+ Kb7 46. Nc5+ Kc7 47. Ne6+ Kb7 48. Kd5 Nf5 49. Kc5 h4 50. a6+ Kb8 51. Nf4 Kc7 52. Nd5+ Kb8 53. Nf4 Ne7 54. Kd6 Nc8+ 1/2-1/2

[Event "Chorzow op"]
[Site "Chorzow"]
[Date "2007.03.24"]
[Round "2"]
[White "Dluski, Emil"]
[Black "Masternak, Aleksander"]
[Result "0-1"]
[WhiteElo "1981"]
[BlackElo "2253"]
[PlyCount "52"]
[EventDate "2007.03.24"]
[EventType "swiss"]
[EventRounds "9"]
[EventCountry "POL"]
[SourceTitle "EXT 2011"]
[Source "ChessBase"]
[SourceDate "2010.11.26"]
[SourceVersion "1"]
[SourceVersionDate "2010.11.26"]
[SourceQuality "1"]

1. e4 e5 2. d4 exd4 3. c3 d5 4. e5 c5 5. Nf3 Nc6 6. cxd4 cxd4 7. Nxd4 Bc5 8. Nb3 Bb4+ 9. Bd2 Qe7 10. f4 Bf5 11. Bb5 a6 12. Bxc6+ bxc6 13. 0-0 Bxd2 14. Qxd2 Qa7+ 15. Kh1 Ne7 16. Nc3 0-0 17. Rac1 f6 18. h3 fxe5 19. fxe5 Bg6 20. Rxf8+ Rxf8 21. Nd4 Qd7 22. Na4 Be4 23. Nc5 Qxh3+ 24. Kg1 Bxg2 25. Qxg2 Qe3+ 26. Kh2 Rf2 0-1

[Event "POL-chT3 Liga Slaska"]
[Site "Poland"]
[Date "2007.02.11"]
[Round "4"]
[White "Masternak, Aleksander"]
[Black "Mulet, Piotr"]
[Result "0-1"]
[WhiteElo "2253"]
[BlackElo "2264"]
[PlyCount "97"]
[EventDate "2007.01.28"]
[EventType "team-swiss"]
[EventRounds "9"]
[EventCountry "POL"]
[SourceTitle "EXT 2011"]
[Source "ChessBase"]
[SourceDate "2010.11.26"]
[SourceVersion "1"]
[SourceVersionDate "2010.11.26"]
[SourceQuality "1"]
[WhiteTeam "Dabrowa Gornicza Zaglebie"]
[BlackTeam "Pszczyna PSSz"]
[WhiteTeamCountry "POL"]
[BlackTeamCountry "POL"]

1. Nf3 Nf6 2. c4 g6 3. Nc3 c5 4. g3 Bg7 5. Bg2 0-0 6. 0-0 Nc6 7. d4 cxd4 8. Nxd4 Nxd4 9. Qxd4 d6 10. Qd3 a6 11. Bd2 Rb8 12. Rac1 Bd7 13. b3 Bc6 14. e4 Bd7 15. Rfd1 Bg4 16. f3 Be6 17. Kh1 h5 18. Nd5 Nxd5 19. cxd5 Bd7 20. a4 Rc8 21. Rxc8 Qxc8 22. Rc1 Qb8 23. Bg5 f6 24. Be3 Rc8 25. Qd1 Kf7 26. Bf1 f5 27. Bh3 Rxc1 28. Qxc1 Qc8 29. Qxc8 Bxc8 30. Kg1 Bc3 31. exf5 gxf5 32. Bf1 Kf6 33. Kf2 Bd7 34. h4 Ke5 35. f4+ Kxd5 36. Bg2+ Ke6 37. Bxb7 a5 38. Ke2 Kf6 39. Kf2 Be6 40. Bc6 Bxb3 41. Ke2 Bc4+ 42. Kd1 Bb3+ 43. Ke2 e5 44. fxe5+ dxe5 45. Be8 Bf7 46. Bg5+ Ke6 47. Bb5 Kd6 48. Be3 Bb4 49. Kd3 0-1

[Event "POL-chT 2nd League"]
[Site "Lublin"]
[Date "2006.09.09"]
[Round "8.22"]
[White "Kujawski, Ryszard"]
[Black "Masternak, Aleksander"]
[Result "0-1"]
[WhiteElo "2219"]
[BlackElo "2244"]
[PlyCount "74"]
[EventDate "2006.09.02"]
[EventType "team-swiss"]
[EventRounds "9"]
[EventCountry "POL"]
[SourceTitle "EXT 2019"]
[Source "ChessBase"]
[SourceDate "2018.10.10"]
[SourceVersion "1"]
[SourceVersionDate "2018.10.10"]
[SourceQuality "1"]
[WhiteTeam "Gniezno LKS Chrobry"]
[BlackTeam "Szopienice HetMaN II"]
[WhiteTeamCountry "POL"]
[BlackTeamCountry "POL"]

1. e4 e5 2. Nf3 Nc6 3. Nc3 d6 4. d4 exd4 5. Nxd4 Bd7 6. Be2 g6 7. Be3 Bg7 8. Qd2 Nxd4 9. Bxd4 Bxd4 10. Qxd4 Qf6 11. Qe3 Ne7 12. 0-0-0 0-0 13. f4 Bc6 14. Bf3 Rfe8 15. g4 b5 16. Rhe1 b4 17. e5 dxe5 18. fxe5 Qxf3 19. Qxf3 Bxf3 20. Rd3 bxc3 21. Rxf3 cxb2+ 22. Kxb2 Nc6 23. Rc3 Nxe5 24. Re4 Re7 25. Rc5 Rae8 26. h3 h6 27. Ra4 c6 28. Rca5 Rb8+ 29. Kc3 Rbb7 30. Kd4 f6 31. c4 Red7+ 32. Ke4 Kf7 33. c5 Ke6 34. Rd4 f5+ 35. gxf5+ gxf5+ 36. Ke3 f4+ 37. Rxf4 Rd3+ 0-1

[Event "POL-chT 2nd League"]
[Site "Lublin"]
[Date "2006.09.05"]
[Round "4.40"]
[White "Lercel, Michal"]
[Black "Masternak, Aleksander"]
[Result "0-1"]
[WhiteElo "2197"]
[BlackElo "2244"]
[PlyCount "58"]
[EventDate "2006.09.02"]
[EventType "team-swiss"]
[EventRounds "9"]
[EventCountry "POL"]
[SourceTitle "EXT 2019"]
[Source "ChessBase"]
[SourceDate "2018.10.10"]
[SourceVersion "1"]
[SourceVersionDate "2018.10.10"]
[SourceQuality "1"]
[WhiteTeam "Wroclaw AZS Politechnika"]
[BlackTeam "Szopienice HetMaN II"]
[WhiteTeamCountry "POL"]
[BlackTeamCountry "POL"]

1. e4 e5 2. Nf3 Nc6 3. Bb5 a6 4. Ba4 Nge7 5. Nc3 d6 6. b4 g6 7. d4 b5 8. Bb3 Bg7 9. Bg5 h6 10. Bh4 g5 11. Bxg5 hxg5 12. Nxg5 d5 13. exd5 Nxd4 14. d6 Nxb3 15. axb3 cxd6 16. Nxb5 d5 17. Qe2 Bf5 18. g4 axb5 19. Rxa8 Qxa8 20. gxf5 Qa1+ 21. Kd2 Qd4+ 22. Kc1 Qf4+ 23. Kb2 0-0 24. Rg1 e4+ 25. c3 Qxf5 26. Qh5 Ra8 27. Qh4 d4 28. Nxe4 dxc3+ 29. Kc2 Ng6 0-1

[Event "POL-chT 2nd League"]
[Site "Lublin"]
[Date "2006.09.02"]
[Round "1.70"]
[White "Masternak, Aleksander"]
[Black "Swiatnicki, Andrzej"]
[Result "1-0"]
[WhiteElo "2244"]
[BlackElo "2183"]
[PlyCount "59"]
[EventDate "2006.09.02"]
[EventType "team-swiss"]
[EventRounds "9"]
[EventCountry "POL"]
[SourceTitle "EXT 2019"]
[Source "ChessBase"]
[SourceDate "2018.10.10"]
[SourceVersion "1"]
[SourceVersionDate "2018.10.10"]
[SourceQuality "1"]
[WhiteTeam "Szopienice HetMaN II"]
[BlackTeam "Konin Hetman"]
[WhiteTeamCountry "POL"]
[BlackTeamCountry "POL"]

1. Nf3 d5 2. d4 c6 3. c4 Nf6 4. cxd5 cxd5 5. Nc3 Nc6 6. Bf4 Bf5 7. e3 e6 8. Bb5 Rc8 9. Qa4 Qb6 10. Ne5 Be7 11. 0-0 0-0 12. Bxc6 bxc6 13. Rfc1 Rfd8 14. a3 a5 15. Nd1 c5 16. dxc5 Bxc5 17. b4 axb4 18. axb4 Bf8 19. b5 Rxc1 20. Rxc1 Rb8 21. g4 g5 22. Bxg5 Ne4 23. gxf5 Nxg5 24. Qg4 f6 25. Nd7 exf5 26. Qxf5 Qxb5 27. Nxb8 Qxb8 28. Qxf6 Ne4 29. Qe6+ Kg7 30. Qxd5 1-0

[Event "POL-chT 1st League"]
[Site "Ustron"]
[Date "2003.09.12"]
[Round "7"]
[White "Szefer, Michal"]
[Black "Masternak, Aleksander"]
[Result "1-0"]
[WhiteElo "2072"]
[BlackElo "2248"]
[PlyCount "41"]
[EventDate "2003.09.06"]
[EventType "team-tourn"]
[EventRounds "9"]
[EventCountry "POL"]
[SourceTitle "EXT 2005"]
[Source "ChessBase"]
[SourceDate "2004.11.15"]
[SourceVersion "1"]
[SourceVersionDate "2004.11.15"]
[SourceQuality "1"]
[WhiteTeam "Warszawa AZS UW"]
[BlackTeam "Szopienice HetMaN"]
[WhiteTeamCountry "POL"]
[BlackTeamCountry "POL"]

1. e4 e5 2. f4 d5 3. exd5 c6 4. Nc3 exf4 5. Nf3 Be7 6. Bc4 Nf6 7. dxc6 Nxc6 8. d4 0-0 9. Bxf4 Bg4 10. d5 Na5 11. Bd3 Bb4 12. 0-0 Bxc3 13. bxc3 Nxd5 14. Qd2 Nxf4 15. Qxf4 Bxf3 16. Rxf3 g6 17. Qh6 f5 18. h4 Qc7 19. Raf1 Qg7 20. Qg5 Kh8 21. Rh3 1-0

[Event "POL-chT2 South"]
[Site "Ustron"]
[Date "2001.09.??"]
[Round "?"]
[White "Masternak, Aleksander"]
[Black "Prochownik, Franciszek"]
[Result "1-0"]
[WhiteElo "2254"]
[BlackElo "2189"]
[PlyCount "63"]
[EventDate "2001.09.14"]
[EventType "team-swiss"]
[EventRounds "10"]
[EventCountry "POL"]
[SourceTitle "EXT 2019"]
[Source "ChessBase"]
[SourceDate "2018.10.10"]
[SourceVersion "1"]
[SourceVersionDate "2018.10.10"]
[SourceQuality "1"]

1. e4 c5 2. Nc3 Nc6 3. g3 d6 4. Bg2 g6 5. d3 Bg7 6. Be3 e6 7. Nge2 Nd4 8. Qd2 Nxe2 9. Qxe2 Ne7 10. 0-0 0-0 11. Qd2 Nc6 12. Rae1 Qa5 13. Bh6 Nd4 14. Bxg7 Kxg7 15. f4 f5 16. Qf2 Bd7 17. Kh1 Rab8 18. Nd1 b5 19. c3 Nc6 20. Ne3 Kh8 21. Bf3 Qd8 22. Qg2 Ne7 23. Qd2 Bc6 24. exf5 Bxf3+ 25. Rxf3 exf5 26. d4 Ng8 27. Nd5 Qd7 28. Rfe3 Rfe8 29. dxc5 dxc5 30. c4 Rxe3 31. Qxe3 bxc4 32. Qe5+ 1-0

[Event "POL-chT 2nd div South"]
[Site "Polanica Zdroj"]
[Date "1999.??.??"]
[Round "3"]
[White "Masternak, Aleksander"]
[Black "Galuszka, Kamil"]
[Result "1-0"]
[WhiteElo "2220"]
[BlackElo "2109"]
[PlyCount "40"]
[EventDate "1999.09.17"]
[EventType "team-swiss"]
[EventRounds "10"]
[EventCountry "POL"]
[SourceTitle "EXT 2001"]
[Source "ChessBase"]
[SourceDate "2000.11.22"]
[SourceVersion "1"]
[SourceVersionDate "2000.11.22"]
[SourceQuality "1"]
[WhiteTeam "POL-chT 2nd div South 27"]
[BlackTeam "POL-chT 2nd div South 17"]
[WhiteTeamCountry "POL"]
[BlackTeamCountry "POL"]

1. Nf3 e6 2. c4 d5 3. d4 c6 4. Qc2 Nf6 5. Bg5 Nbd7 6. Nbd2 Be7 7. e3 0-0 8. Be2 dxc4 9. Nxc4 c5 10. 0-0 b6 11. Rfd1 cxd4 12. Rxd4 Nd5 13. Bxe7 Qxe7 14. Qd2 Bb7 15. e4 N5f6 16. Nd6 e5 17. Nf5 Qe6 18. Bc4 Nxe4 19. Bxe6 Nxd2 20. Ne7+ Kh8 1-0

[Event "POL-chT 2nd div South"]
[Site "Polanica Zdroj"]
[Date "1999.??.??"]
[Round "6"]
[White "Masternak, Aleksander"]
[Black "Lercel, Michal"]
[Result "1-0"]
[WhiteElo "2220"]
[BlackElo "2123"]
[PlyCount "37"]
[EventDate "1999.09.17"]
[EventType "team-swiss"]
[EventRounds "10"]
[EventCountry "POL"]
[SourceTitle "EXT 2001"]
[Source "ChessBase"]
[SourceDate "2000.11.22"]
[SourceVersion "1"]
[SourceVersionDate "2000.11.22"]
[SourceQuality "1"]
[WhiteTeam "POL-chT 2nd div South 27"]
[BlackTeam "POL-chT 2nd div South 01"]
[WhiteTeamCountry "POL"]
[BlackTeamCountry "POL"]

1. Nf3 Nf6 2. c4 g6 3. Nc3 Bg7 4. d4 0-0 5. Bg5 d6 6. e3 h6 7. Bh4 g5 8. Bg3 Nh5 9. Be2 e6 10. Qc2 Qe7 11. Nd2 Nxg3 12. hxg3 Nd7 13. 0-0 c5 14. dxc5 dxc5 15. Rad1 f5 16. Nb3 a6 17. Qd2 Rb8 18. Qd6 Kf7 19. Bh5+ 1-0